CaGeWeB
  • bibliotheken
  • achtergrond
  • partners
  • historiek
naar

MARC Record

Leader
003 BE-GnUNI
007 't'u
035
  
  
a| (MSK)310018115
084
  
  
a| kostbare werken
245
0
0
a| Groupe Espace : b| Architecture Formes Couleur (exposition Biot, 10 juillet - 10 septembre 1954).
260
  
  
a| Biot : b| Groupe Espace, c| 1954.
300
  
  
a| 47p. : b| ill.
546
  
  
a| Frans
585
  
  
a| Groupe Espace : Architecture Formes Couleur
500
  
  
a| Tentoonstellingscatalogus
650
  
7
a| Groupe Espace e| subject. 2| z
852
4
  
b| MSK c| MSK j| KOSTBARE WERKEN - RAADPLEGING ONDER VOORWAARDEN
920
  
  
a| boek
001 000017922
005 20241224121624.0
  • CaGeWeB vzw

    p/a Bagattenstraat 174, 9000 Gent

    voorzitter: Hendrik Defoort
    bestuurders: Frea Vancraeynest, Brigitte De Meyer, Ellen Ryckx, Kim Robensyn